Alphabetical Countries Quiz Stats

 Plays Quiz Updated Feb 13, 2019

Support Sporcle.
Go Orange.
Score 0/197 Timer 20:00
1 Play Today
Letter Country % Correct
AAfghanistan
91.2%
AAlbania
90.2%
AAzerbaijan
87.7%
AAlgeria
87.5%
AAustralia
86.3%
AAustria
86.1%
AAndorra
85.4%
AArmenia
84.2%
BBahamas
83.3%
AAngola
83%
AArgentina
82.9%
BBahrain
81.9%
D-FDenmark
81%
AAntigua and Barbuda
80.4%
CCanada
80.3%
D-FFrance
78.9%
CCzechia
78.9%
CCameroon
78.7%
H-KHaiti
78.5%
BBelgium
78.4%
CCambodia
78.4%
D-FFinland
78%
BBarbados
77.5%
GGabon
77.2%
GGuyana
76.3%
L-MLaos
76.3%
BBurundi
76.2%
BBelize
76.2%
H-KHonduras
76.1%
D-FDjibouti
76%
CChile
75.9%
GGuinea
75.8%
CChina
75.7%
GGermany
75.7%
BBangladesh
75.6%
H-KIndia
74.9%
GThe Gambia
74.9%
L-MLatvia
74.8%
BBolivia
74.6%
D-FEritrea
74.6%
GGuinea-Bissau
74.6%
BBrazil
74.5%
H-KIceland
74.5%
H-KIndonesia
74.3%
D-FFiji
74.2%
CCyprus
74%
D-FEstonia
73.9%
BBelarus
73.7%
BBenin
73.6%
BBotswana
73.4%
H-KIreland
73.2%
H-KHungary
73.2%
H-KIran
73.2%
H-KIraq
73.1%
H-KKyrgyzstan
73.1%
D-FDem. Rep. of the Congo
73.1%
H-KJapan
72.9%
H-KKazakhstan
72.7%
D-FEthiopia
72.7%
BBhutan
72.7%
H-KJamaica
72.3%
GGhana
72.2%
CChad
72.1%
BBulgaria
72%
T-ZZimbabwe
71.8%
D-FDominican Republic
71.8%
Letter Country % Correct
D-FDominica
71.8%
H-KItaly
71.4%
D-FEgypt
71.1%
H-KIsrael
71.1%
BBrunei
71%
D-FEcuador
70.9%
H-KJordan
70.9%
N-RNamibia
70.8%
T-ZZambia
70.6%
H-KKenya
70.5%
CComoros
70.5%
CCuba
70.3%
CColombia
70%
GGreece
70%
GGuatemala
69.5%
BBurkina Faso
69.5%
CCabo Verde
69.2%
BBosnia and Herzegovina
69.1%
D-FEl Salvador
69.1%
L-MLithuania
69%
CCroatia
69%
H-KKiribati
68.8%
H-KKuwait
68.6%
GGrenada
68.5%
L-MLiechtenstein
68.2%
N-RRwanda
68.2%
H-KKosovo
68%
CCosta Rica
67.7%
L-MLibya
67.6%
CCentral African Republic
67.5%
L-MLesotho
67.5%
L-MLiberia
67.3%
N-RNauru
66.9%
T-ZYemen
66.9%
D-FEquatorial Guinea
66.8%
N-ROman
66.8%
L-MMyanmar
66.8%
T-ZUnited States of America
66.7%
L-MMali
66.5%
L-MLuxembourg
66.4%
T-ZUnited Kingdom
66.4%
SSweden
66.4%
SSwitzerland
66.3%
L-MLebanon
66.2%
N-RRussia
66.1%
SSt. Kitts and Nevis
65.6%
SSt. Lucia
65.6%
GGeorgia
65.4%
D-FEswatini
65.3%
L-MMadagascar
65.1%
SSyria
64.7%
N-RNorth Macedonia
64.6%
SSt. Vincent & The Grenadines
64.6%
T-ZVenezuela
64.5%
N-RNetherlands
64.3%
N-RNorway
63.8%
T-ZUnited Arab Emirates
63.5%
L-MMauritania
63.4%
N-RNiger
63.4%
L-MMalawi
63.4%
N-RNorth Korea
63.4%
N-RNigeria
63.3%
T-ZUruguay
63.2%
N-RRomania
63%
T-ZTanzania
62.8%
N-RNepal
62.8%
Letter Country % Correct
L-MMaldives
62.8%
L-MMauritius
62.7%
T-ZUzbekistan
62.7%
T-ZTajikistan
62.7%
CCote d'Ivoire
62.4%
N-RPalau
62.4%
T-ZVatican City
62.4%
T-ZVanuatu
62.1%
N-RNew Zealand
62.1%
T-ZTurkey
62%
N-RPanama
62%
L-MMalaysia
61.9%
L-MMexico
61.8%
N-RPalestine
61.8%
N-RNicaragua
61.7%
N-RPakistan
61.7%
T-ZTurkmenistan
61.7%
N-RParaguay
61.5%
SSamoa
61.4%
SSan Marino
61.4%
L-MMalta
61.3%
N-RPeru
61.3%
SSouth Korea
61.2%
T-ZVietnam
61.1%
T-ZTaiwan
60.9%
N-RPortugal
60.7%
L-MMonaco
60.6%
N-RPoland
60%
N-RQatar
59.9%
L-MMorocco
59.5%
T-ZUganda
59.5%
SSudan
59.5%
L-MMontenegro
59.2%
L-MMozambique
59.2%
SSouth Africa
58.8%
SSuriname
58.7%
SSenegal
58.7%
L-MMoldova
58.4%
SSão Tomé and Príncipe
58.3%
L-MMongolia
57.9%
T-ZTogo
57.8%
L-MMarshall Islands
57.7%
T-ZThailand
57.7%
T-ZUkraine
57.5%
N-RPapua New Guinea
57.2%
SSlovakia
56.8%
SSlovenia
56.6%
SSerbia
56.6%
SSpain
56.5%
T-ZTonga
56.1%
T-ZTuvalu
56.1%
N-RPhilippines
55.5%
L-MMicronesia
55.5%
SSeychelles
55.5%
N-RRep. of the Congo
55.2%
SSomalia
54.6%
SSaudi Arabia
53.3%
SSingapore
53.1%
T-ZTrinidad and Tobago
52.5%
SSri Lanka
52.4%
T-ZTimor-Leste
51.8%
T-ZTunisia
51.2%
SSolomon Islands
50.4%
SSierra Leone
50.4%
SSouth Sudan
39.4%

From the Vault

Famous Misquoted Movie Lines

by Lifted

Movies 4m
"All Your Base Are Belong to Us" - Frodo Baggins
Remove Ads.
Support Sporcle.
Get the best of Sporcle when you Go Orange. This ad-free experience offers more features, more stats, and more fun while also helping to support Sporcle. Thank you for becoming a member.

Show Comments

Extras

Top Quizzes Today


Score Distribution

Your Account Isn't Verified!

In order to create a playlist on Sporcle, you need to verify the email address you used during registration. Go to your Sporcle Settings to finish the process.

Report this User

Report this user for behavior that violates our Community Guidelines.

Details: